| 000 | 00894nam a2200229 4500 | ||
|---|---|---|---|
| 001 | 39110 | ||
| 003 | BD-RjUL | ||
| 005 | 20211209052923.0 | ||
| 008 | 160404s2001 bg ||||e |||| 00| 1 ben d | ||
| 020 |
_a9840502344 _c: Tk. 100.00 |
||
| 035 | _a(BD-RjUL)39222 | ||
| 040 |
_aBD-RjUL _bben _cBD-RjUL |
||
| 041 | _aben | ||
| 082 |
_223 _a891.443 _bSYM 2001 |
||
| 100 |
_aসৈযদ, আবদুল মান্নান _9118059 |
||
| 245 | 1 | 0 |
_aমাছ মাংস মাৎসর্যের রুপকথা / _cআবদুল মান্নান সৈযদ, |
| 260 |
_aঢাকা : _bদি ইউনিভার্সিটি প্রেস লিমিটেড, _c২০০১. |
||
| 300 |
_a[৮], ১৪২ পৃ.; _c২২ সেমি. |
||
| 650 |
_aবাংলা ছোট গল্প, _9118918 |
||
| 650 |
_aShort stories, Bengali. _9120692 |
||
| 942 |
_2ddc _cBK _01 |
||
| 999 |
_c39110 _d39110 |
||